| Tag |
First Indicator |
Second Indicator |
Subfields |
| LEADER |
00000cas a2200000Ka 4500 |
| 001 |
in00002850139 |
| 005 |
20151203084013.0 |
| 006 |
m o d |
| 007 |
cr bn||||||abp |
| 007 |
cr bn||||||ada |
| 008 |
100618d18432008maufr poo 1 0eng d |
| 022 |
|
|
|y 0044-751X
|l 0044-751X
|
| 029 |
1 |
|
|a AU@
|b 000045738013
|
| 035 |
|
|
|a (OCoLC)ocn642422723
|
| 035 |
|
|
|a (OCoLC)642422723
|
| 040 |
|
|
|a OCLCE
|b eng
|c OCLCE
|d IAU
|d OCLCO
|d OCLCQ
|d TXA
|d UtOrBLW
|
| 042 |
|
|
|a dlr
|
| 043 |
|
|
|a n-us---
|
| 049 |
|
|
|a TXAM
|
| 050 |
|
4 |
|a E172
|b .A35 Electronic
|
| 082 |
0 |
4 |
|a 973/.05
|2 19
|
| 110 |
2 |
|
|a American Antiquarian Society.
|
| 245 |
1 |
0 |
|a Proceedings of the American Antiquarian Society.
|
| 264 |
|
1 |
|a Worcester, Mass. :
|b American Antiquarian Society,
|c -2008.
|
| 310 |
|
|
|a Semiannual
|b <, 1978- >
|
| 336 |
|
|
|a text
|b txt
|2 rdacontent
|
| 337 |
|
|
|a computer
|b c
|2 rdamedia
|
| 338 |
|
|
|a online resource
|b cr
|2 rdacarrier
|
| 362 |
0 |
|
|a May 31, 1843-Apr. 28, 1880; new ser. v. 1 (1880/1881)-
|
| 362 |
1 |
|
|a Ceased with: Vol. 118, pt. 2 (2008).
|
| 500 |
|
|
|a In L.C. the first series is bound in 63 volumes with Minor publications on the spine.
|
| 515 |
|
|
|a Proceedings for 1812-1849 were issued in one volume in 1912, comprising the hitherto unpublished records, and a reissue of all the matter printed previous to October 1849.
|
| 555 |
|
|
|a 1812-80. 1 v.; 1880-1903. 1 v.; 1821-1961. 1 v.
|
| 588 |
|
|
|a Description based on print version record.
|
| 506 |
|
|
|3 Use copy
|f Restrictions unspecified
|2 star
|5 MiAaHDL
|
| 533 |
|
|
|a Electronic reproduction.
|b [S.l.] :
|c HathiTrust Digital Library,
|d 2010.
|5 MiAaHDL
|
| 538 |
|
|
|a Mode of access: World Wide Web.
|
| 583 |
1 |
|
|a digitized
|c 2010
|h HathiTrust Digital Library
|l committed to preserve
|2 pda
|5 MiAaHDL
|
| 500 |
|
|
|a Electronic resource.
|
| 651 |
|
0 |
|a United States
|x Antiquities
|v Periodicals
|v Congresses.
|
| 651 |
|
0 |
|a United States
|x History
|v Periodicals
|v Congresses.
|
| 776 |
0 |
8 |
|i Print version:
|a American Antiquarian Society.
|t Proceedings of the American Antiquarian Society
|x 0044-751X
|w (DLC) 05013654
|w (OCoLC)1479298
|
| 948 |
|
|
|a cataloged
|b h
|c 2013/2/15
|d c
|e spoltoratski
|f 10:39:37 am
|g sc
|
| 994 |
|
|
|a C0
|b TXA
|
| 999 |
|
|
|a MARS
|
| 999 |
f |
f |
|s f59e3d68-8706-3cec-92c0-cde87d35819d
|i e34382c6-d3ac-3d81-a0a2-b7e5531913b5
|t 0
|
| 952 |
f |
f |
|a Texas A&M University
|b College Station
|c Electronic Resources
|d Available Online
|t 0
|e E172 .A35
|g Electronic
|h Library of Congress classification
|
| 998 |
f |
f |
|a E172 .A35
|t 0
|l Available Online
|